[Event "WYCC 2018 G14"]
[Site "Halkidiki"]
[Date "2018.10.29"]
[Round "10"]
[White "Song, Yuxin"]
[Black "Kamalidenova, Meruert"]
[Result "1-0"]
[WhiteElo "2178"]
[BlackElo "1999"]
[Annotator "NA"]
[PlyCount "97"]
[EventDate "2018.10.20"]
[EventType "swiss"]
[EventCountry "GRE"]
[SourceTitle "playchess.com"]
[Source "ChessBase"]
[SourceQuality "1"]
[TimeControl "40/5400+30:1800+30"]

1. e4 e5 2. Nf3 Nc6 3. Bb5 a6 4. Ba4 d6 5. c3 Bd7 6. O-O g6 7. d4 Bg7 8. dxe5 dxe5 9. Bg5 Nge7 10. Qd2 {C76: Ruy Lopez: Deferred Steinitz: 5 c3 Bd7 6 d4 g6} (10. Nbd2 h6 11. Bh4 g5 12. Bg3 Ng6 13. Ne1 Qf6 14. Nd3 Rd8 15. f3 O-O 16. Qc2 Nf4 17. Nxf4 exf4 18. Bf2 {0-1 (43) Sivuk,V (2554)-Demchenko,A (2583) Moscow 2016}) 10... h6 11. Be3 Bg4 12. Qe2 O-O 13. Rd1 Qc8 14. h3 Be6 15. Nbd2 b6 16. Nf1 $146 ({Predecessor:} 16. Bb3 f5 17. Bxe6+ Qxe6 18. exf5 gxf5 {½-½ (26) Boguszlavszkij,J (2320)-Veroci,Z (2305) Hungary 1995}) 16... Nd8 17. Ng3 c5 18. Qd2 Kh7 19. b4 Nb7 20. Bd7 Bxd7 21. Qxd7 $16 Nc6 22. Rab1 Nb8 23. Qd5 Nc6 24. bxc5 bxc5 25. Nd2 Qc7 26. Nb3 Nca5 27. Nxa5 Nxa5 28. Bxc5 Rad8 29. Bd6 Qxc3 30. Rbc1 Qb2 31. Rb1 Qc2 32. Rdc1 Qa4 33. Rc5 Rxd6 34. Qxd6 Qxa2 35. Qb6 Nc4 36. Qb3 Qxb3 37. Rxb3 Nd6 38. Rb6 Nb5 39. Rxa6 Nd4 40. Ra7 Bf6 41. Rcc7 Kg8 42. Rd7 Bg5 43. Nf1 h5 44. g3 h4 45. Kg2 hxg3 46. fxg3 Bh6 47. Nh2 Be3 48. Ng4 Bd2 49. Nxe5 1-0

[Event "WYCC 2018 G14"]
[Site "Halkidiki"]
[Date "2018.10.29"]
[Round "10"]
[White "Allahverdiyeva, Ayan"]
[Black "Ehsani, Yassamin"]
[Result "1-0"]
[WhiteElo "2116"]
[BlackElo "1875"]
[Annotator "NA"]
[PlyCount "60"]
[EventDate "2018.10.20"]
[EventType "swiss"]
[EventCountry "GRE"]
[SourceTitle "playchess.com"]
[Source "ChessBase"]
[SourceQuality "1"]
[TimeControl "40/5400+30:1800+30"]

1. e4 {[%emt 0:00:48]} c5 {[%emt 0:00:00]} 2. Nf3 {[%emt 0:00:03]} e6 {[%emt 0:00:00]} 3. d4 {[%emt 0:00:03]} cxd4 {[%emt 0:00:00]} 4. Nxd4 {[%emt 0:00:03]} a6 {[%emt 0:00:03]} 5. Nc3 {[%emt 0:00:04]} Qc7 {[%emt 0:00:33]} 6. g3 {[%emt 0:00:34]} Bb4 {[%emt 0:00:22]} 7. Bd2 {[%emt 0:00:06]} Nc6 {[%emt 0:00:52] B43: Sicilian: Kan Variation: 5 Nc3} 8. Nb3 {[%emt 0:00:24]} Be7 {[%emt 0:02:28]} 9. Bg2 {[%emt 0:00:24]} d6 {[%emt 0:00:59]} 10. O-O {[%emt 0:00:33]} Nf6 {[%emt 0:00:29]} 11. f4 {[%emt 0:00:45]} O-O {[%emt 0:01:03]} 12. Kh1 {[%emt 0:00:34]} (12. Be3 b5 13. a3 Bb7 14. g4 Rfe8 15. g5 Nd7 16. Qh5 g6 17. Qh4 b4 18. Ne2 bxa3 19. bxa3 Na5 20. Nxa5 Qxa5 21. Rf3 Rac8 {0-1 (55) Guseinov,G (2634)-Gajewski,G (2654) Berlin 2015}) 12... Rd8 $146 {[%emt 0:01:23]} ({Predecessor:} 12... b5 13. a3 Bb7 14. Qe2 Nd7 15. Be3 Bf6 16. Bd2 {0-1 (59) Feyzullayeva,S (1494)-Kovacs,J (1859) Batumi 2014}) 13. g4 {[%emt 0:09:09]} b5 {[%emt 0:05:26]} 14. g5 {[%emt 0:00:42]} Nd7 {[%emt 0:01:33]} 15. Qh5 {[%emt 0:09:01]} g6 {[%emt 0:06:02]} 16. Qh6 {[%emt 0:00:35]} Bf8 {[%emt 0:01:06]} 17. Qh4 {[%emt 0:00:36]} Bg7 {[%emt 0:01:40]} 18. a3 {[%emt 0:00:42]} Bb7 {[%emt 0:06:42]} 19. Rae1 {[%emt 0:02:03]} Ne7 $11 {[%emt 0:12:03]} 20. Re2 {[%emt 0:02:36]} Nf8 {[%emt 0:06:48]} 21. Na5 {[%emt 0:15:12]} Bc8 {[%emt 0:05:03]} 22. Qe1 {[%emt 0:01:43]} d5 {[%emt 0:09:45]} 23. f5 {[%emt 0:03:22]} d4 {[%emt 0:07:28]} 24. f6 {[%emt 0:09:24]} dxc3 {[%emt 0:04:54]} 25. Bxc3 {[%emt 0:01:01]} Nd7 {[%emt 0:07:59]} 26. fxe7 {[%emt 0:00:56]} Re8 {[%emt 0:00:33]} 27. e5 {[%emt 0:00:20]} Rb8 {[%emt 0:05:28]} 28. Qf2 {[%emt 0:01:38]} Rxe7 {[%emt 0:01:47]} 29. Nc6 {[%emt 0:00:04]} Nb6 {[%emt 0:02:17]} 30. Ba5 {[%emt 0:00:21]} Kf8 1-0

[Event "WYCC 2018 G14"]
[Site "Halkidiki"]
[Date "2018.10.29"]
[Round "10"]
[White "Garifullina, Leya"]
[Black "Zhu, Evelyn"]
[Result "1/2-1/2"]
[WhiteElo "2106"]
[BlackElo "1926"]
[Annotator "NA"]
[PlyCount "85"]
[EventDate "2018.10.20"]
[EventType "swiss"]
[EventCountry "GRE"]
[SourceTitle "playchess.com"]
[Source "ChessBase"]
[SourceQuality "1"]
[TimeControl "40/5400+30:1800+30"]

1. e4 {[%emt 0:00:00]} c5 {[%emt 0:00:00]} 2. Nf3 {[%emt 0:00:00]} e6 {[%emt 0:00:00]} 3. d4 {[%emt 0:00:00]} cxd4 {[%emt 0:00:00]} 4. Nxd4 {[%emt 0:00:06]} a6 {[%emt 0:00:00] LiveBook: 25605 Games} 5. Bd3 {[%emt 0:00:07]} Bc5 {[%emt 0:00:00]} 6. Nb3 {[%emt 0:00:08]} Be7 {[%emt 0:00:01]} 7. Qg4 {[%emt 0:00:04]} g6 {[%emt 0:00:06]} 8. Qe2 {[%emt 0:00:05]} d6 {[%emt 0:00:22] B42: Sicilian: Kan Variation: 5 Bd3} 9. O-O {[%emt 0:00:13]} (9. a4 Nc6 10. O-O Ne5 11. Kh1 Nf6 12. Nc3 Bd7 13. f4 Nxd3 14. cxd3 O-O 15. Be3 b5 16. a5 {1-0 (48) Aronian,L (2764)-Caruana,F (2816) Paris 2018}) 9... Nd7 {[%emt 0:00:33]} 10. a4 {[%emt 0:00:17]} b6 {[%emt 0:10:27]} 11. Na3 {[%emt 0:01:35]} Bb7 {[%emt 0:02:29]} 12. Nc4 {[%emt 0:01:41]} Qc7 {[%emt 0:03:42]} 13. a5 {[%emt 0:04:12]} b5 {[%emt 0:02:39]} 14. Nb6 {[%emt 0:00:39]} Nxb6 {[%emt 0:04:56]} 15. axb6 {[%emt 0:00:08]} Qxb6 {[%emt 0:01:44]} 16. Na5 {[%emt 0:00:11]} Bc8 $146 {[%emt 0:12:04]} 17. c4 {[%emt 0:10:15]} b4 {[%emt 0:07:30]} 18. Be3 {[%emt 0:06:52]} Qc7 {[%emt 0:02:52]} 19. e5 {[%emt 0:03:28]} Bd7 {[%emt 0:09:19]} 20. Bd4 {[%emt 0:01:23]} f6 {[%emt 0:02:30]} 21. exf6 {[%emt 0:00:31]} Nxf6 {[%emt 0:00:57]} 22. Bxf6 {[%emt 0:00:21]} Bxf6 {[%emt 0:00:07]} 23. Qf3 {[%emt 0:02:53]} O-O {[%emt 0:02:19]} 24. Qe2 $17 {[%emt 0:01:43]} Bd4 {[%emt 0:10:54]} 25. Kh1 {[%emt 0:00:40]} Bb6 {[%emt 0:02:50]} 26. Nb3 {[%emt 0:00:40]} a5 {[%emt 0:01:43]} 27. Nd2 {[%emt 0:01:48]} Rae8 {[%emt 0:08:38]} 28. Ne4 {[%emt 0:02:41]} Bc6 {[%emt 0:02:16]} 29. Ng5 {[%emt 0:02:16]} Qe7 {[%emt 0:02:48]} 30. f4 {[%emt 0:02:53]} e5 {[%emt 0:07:07]} 31. c5 {[%emt 0:03:58]} Bxc5 {[%emt 0:02:09]} 32. Bc4+ {[%emt 0:02:14]} d5 {[%emt 0:00:47]} 33. Bb5 {[%emt 0:00:19]} Bxb5 {[%emt 0:01:19]} 34. Qxb5 {[%emt 0:00:05]} Rxf4 {[%emt 0:01:00]} 35. Rxf4 {[%emt 0:00:25]} exf4 {[%emt 0:00:01]} 36. Nf3 {[%emt 0:00:11]} Qe3 {[%emt 0:01:07]} 37. Qc6 {[%emt 0:00:43]} Rd8 {[%emt 0:00:32]} 38. Re1 {[%emt 0:00:42]} Qf2 {[%emt 0:00:21]} 39. Qe6+ {[%emt 0:06:47]} Kg7 {[%emt 0:00:15]} 40. Qe5+ {[%emt 0:00:00]} Kg8 {[%emt 0:00:00]} 41. Qe6+ {[%emt 0:50:39]} Kg7 {[%emt 0:00:25]} 42. Qe5+ {[%emt 0:13:00]} Kg8 {[%emt 0:00:05]} 43. Qe6+ {[%emt 0:06:18]} 1/2-1/2

[Event "WYCC 2018 G14"]
[Site "Halkidiki"]
[Date "2018.10.29"]
[Round "10"]
[White "Wen, Yili"]
[Black "Stepanyan, Eva"]
[Result "0-1"]
[WhiteElo "2083"]
[BlackElo "1981"]
[Annotator "NA RC"]
[PlyCount "136"]
[EventDate "2018.10.20"]
[EventType "swiss"]
[EventCountry "GRE"]
[SourceTitle "playchess.com"]
[Source "ChessBase"]
[SourceQuality "1"]
[TimeControl "40/5400+30:1800+30"]

1. Nf3 d5 2. c4 d4 3. e3 Nc6 4. d3 e5 5. a3 {LiveBook: 12 Games} a5 6. Be2 Nf6 7. O-O $15 Be7 8. Re1 O-O 9. b3 h6 10. Nbd2 Bf5 11. exd4 exd4 12. Nf1 Qd7 13. Ng3 Bh7 14. Rb1 Rfe8 15. Qd2 Bf8 16. Bb2 Rad8 17. Bf1 Bc5 18. Qf4 Rxe1 19. Rxe1 Qd6 20. Qc1 Rd7 21. Qa1 Kf8 22. h3 b6 23. Rd1 Rd8 24. Ne2 Nh5 25. b4 axb4 26. axb4 Nxb4 27. Nexd4 Bxd4 28. Nxd4 c5 29. Nb5 Qg6 30. d4 Nf4 31. Kh2 Nc2 32. Qa7 cxd4 33. Nxd4 Re8 34. Nxc2 Qxc2 35. Ba3+ Kg8 36. Qd7 Qe4 37. Rd4 Qe6 38. Qb5 Ra8 39. Bb4 Ne2 40. Rd6 Qe4 41. Qxb6 Bg6 42. Bxe2 Qe5+ 43. Kg1 Qxe2 44. Qd4 Qc2 45. Bc3 f6 46. c5 Ra4 47. Qd5+ Kh7 48. Bd2 Be4 49. Qh5 Qb1+ 50. Kh2 Ra1 51. f3 Qh1+ 52. Kg3 Rg1 53. fxe4 Rxg2+ 54. Kf4 Qf1+ 55. Qf3 Rf2 56. Rd3 g5+ 57. Kg4 h5+ 58. Kxh5 Rxf3 59. Rd7+ Kg8 60. Kg6 Kf8 61. c6 Qc4 62. Bb4+ Qxb4 63. Rd8+ Ke7 64. c7 Qxe4+ 65. Kg7 Rc3 66. c8=Q Rxc8 67. Rxc8 Qe6 68. Rc3 f5 0-1

[Event "WYCC 2018 G14"]
[Site "Halkidiki"]
[Date "2018.10.29"]
[Round "10"]
[White "Jyothsna L"]
[Black "Krasteva, Beloslava"]
[Result "1/2-1/2"]
[WhiteElo "2060"]
[BlackElo "2089"]
[Annotator "NA"]
[PlyCount "124"]
[EventDate "2018.10.20"]
[EventType "swiss"]
[EventCountry "GRE"]
[SourceTitle "playchess.com"]
[Source "ChessBase"]
[SourceQuality "1"]
[TimeControl "40/5400+30:1800+30"]

1. d4 {[%emt 0:01:03]} d5 {[%emt 0:00:00]} 2. c4 {[%emt 0:00:03]} e6 {[%emt 0:00:31]} 3. cxd5 {[%emt 0:00:08]} exd5 {[%emt 0:00:30]} 4. Nc3 {[%emt 0:00:09]} c6 {[%emt 0:00:52]} 5. Qc2 {[%emt 0:00:42]} Be7 {[%emt 0:07:15]} 6. Bf4 {[%emt 0:00:38]} g6 {[%emt 0:02:12]} 7. e3 {[%emt 0:01:49]} Bf5 {[%emt 0:00:34]} 8. Bd3 {[%emt 0:01:38]} Bxd3 {[%emt 0:00:36]} 9. Qxd3 {[%emt 0:00:09]} Nf6 {[%emt 0:00:16]} 10. Nge2 {[%emt 0:01:24]} O-O {[%emt 0:01:38]} 11. h3 {[%emt 0:01:21]} Nbd7 {[%emt 0:01:22]} 12. O-O {[%emt 0:01:32]} Re8 $11 {[%emt 0:01:39]} 13. Rfc1 {[%emt 0:01:58]} Rc8 {[%emt 0:03:26]} 14. Rc2 {[%emt 0:14:02]} Nf8 {[%emt 0:16:26]} 15. Rac1 {[%emt 0:06:21]} Ne6 {[%emt 0:02:57]} 16. Be5 {[%emt 0:02:30]} Ra8 {[%emt 0:08:04]} 17. Bxf6 {[%emt 0:09:39]} Bxf6 {[%emt 0:00:05]} 18. b4 {[%emt 0:00:51]} a6 {[%emt 0:06:18]} 19. Na4 {[%emt 0:03:35]} Qe7 {[%emt 0:06:08]} 20. Rb1 {[%emt 0:11:31]} Nc7 {[%emt 0:05:41]} 21. Qb3 {[%emt 0:10:20]} Nb5 {[%emt 0:08:51]} 22. Nb6 {[%emt 0:00:20]} Rad8 {[%emt 0:04:57]} 23. a4 {[%emt 0:01:02]} Nd6 {[%emt 0:01:51]} 24. Qd3 {[%emt 0:04:54]} Bg7 {[%emt 0:06:17]} 25. Nc3 {[%emt 0:02:51]} Rb8 {[%emt 0:02:11]} 26. b5 {[%emt 0:01:27]} axb5 {[%emt 0:00:41]} 27. axb5 {[%emt 0:00:26]} Qd8 {[%emt 0:00:33]} 28. bxc6 {[%emt 0:02:08]} bxc6 {[%emt 0:00:04]} 29. Rcb2 {[%emt 0:02:46]} f5 {[%emt 0:04:12]} 30. g3 {[%emt 0:02:44]} Ne4 {[%emt 0:02:40]} 31. Nxe4 {[%emt 0:01:56]} fxe4 {[%emt 0:00:07]} 32. Qc2 {[%emt 0:00:44]} Qd6 {[%emt 0:00:22]} 33. Na4 {[%emt 0:03:09]} Rxb2 {[%emt 0:01:30]} 34. Qxb2 {[%emt 0:00:37]} Bh6 {[%emt 0:01:40]} 35. Kg2 {[%emt 0:01:57]} Rf8 {[%emt 0:00:45]} 36. Nc5 {[%emt 0:02:17]} Qf6 {[%emt 0:01:03]} 37. Qe2 {[%emt 0:02:10]} Rf7 {[%emt 0:00:21]} 38. Rb8+ {[%emt 0:00:52]} Bf8 {[%emt 0:00:16]} 39. Re8 {[%emt 0:00:42]} Re7 {[%emt 0:01:31]} 40. Rxe7 {[%emt 0:00:00]} Bxe7 {[%emt 0:00:00]} 41. Nd7 {[%emt 0:12:44]} Qe6 {[%emt 0:03:31]} 42. Qg4 {[%emt 0:05:36]} Qxg4 {[%emt 0:01:32]} 43. hxg4 {[%emt 0:00:09]} Kg7 {[%emt 0:09:34]} 44. f3 {[%emt 0:06:47]} exf3+ {[%emt 0:00:41]} 45. Kxf3 {[%emt 0:00:07]} Bd6 {[%emt 0:00:16]} 46. g5 {[%emt 0:01:56]} Kf7 {[%emt 0:00:54]} 47. g4 {[%emt 0:00:41]} Ke6 {[%emt 0:01:50]} 48. Nb6 {[%emt 0:00:44]} Be7 {[%emt 0:03:03]} 49. Kf4 {[%emt 0:00:29]} c5 {[%emt 0:01:51]} 50. dxc5 {[%emt 0:00:20]} Bxc5 {[%emt 0:00:06]} 51. Na4 {[%emt 0:00:16]} Bb4 {[%emt 0:01:40]} 52. Nb2 {[%emt 0:00:44]} Bd2 {[%emt 0:01:01]} 53. Kf3 {[%emt 0:00:15]} d4 {[%emt 0:00:53]} 54. exd4 {[%emt 0:01:20]} Kd5 {[%emt 0:00:08]} 55. Nd3 {[%emt 0:01:26]} Kxd4 {[%emt 0:00:38]} 56. Nf2 {[%emt 0:00:20]} Bxg5 {[%emt 0:00:17]} 57. Ne4 {[%emt 0:00:49]} Bd8 {[%emt 0:02:07]} 58. Nf2 {[%emt 0:01:44]} Ke5 {[%emt 0:00:14]} 59. Ne4 {[%emt 0:00:32]} h6 {[%emt 0:00:55]} 60. Nf2 {[%emt 0:00:40]} Bb6 {[%emt 0:00:50]} 61. Nd3+ {[%emt 0:00:19]} Kf6 {[%emt 0:00:21]} 62. Nf4 {[%emt 0:00:04]} Bc5 {[%emt 0:00:23]} 1/2-1/2

[Event "WYCC 2018 G14"]
[Site "Halkidiki"]
[Date "2018.10.29"]
[Round "10"]
[White "Dylag, Emilia"]
[Black "Zeng, Sheena"]
[Result "1-0"]
[WhiteElo "2059"]
[BlackElo "1807"]
[Annotator "NA"]
[PlyCount "99"]
[EventDate "2018.10.20"]
[EventType "swiss"]
[EventCountry "GRE"]
[SourceTitle "playchess.com"]
[Source "ChessBase"]
[SourceQuality "1"]
[TimeControl "40/5400+30:1800+30"]

1. e4 {[%emt 0:00:00]} e6 2. d3 {[%emt 0:00:00]} d5 {[%emt 0:00:00]} 3. Nd2 {[%emt 0:00:00]} Nf6 {[%emt 0:00:52]} 4. Ngf3 {[%emt 0:00:21]} c5 {[%emt 0:00:21]} 5. g3 {[%emt 0:00:19]} Nc6 {[%emt 0:01:13]} 6. Bg2 {[%emt 0:00:18]} Be7 {[%emt 0:01:05]} 7. O-O {[%emt 0:00:19]} O-O {[%emt 0:00:19]} 8. e5 {[%emt 0:00:36]} Nd7 {[%emt 0:00:19]} 9. Re1 {[%emt 0:00:19]} b5 {[%emt 0:03:36]} 10. Nf1 {[%emt 0:01:09]} b4 {[%emt 0:01:04]} 11. h4 {[%emt 0:02:37]} a5 12. Bf4 {[%emt 0:00:30]} a4 {[%emt 0:10:03]} 13. h5 {[%emt 0:05:22] C00: French: Unusual White 2nd moves} (13. a3 bxa3 14. bxa3 Re8 15. Ne3 Bb7 16. h5 Bf8 17. Rb1 Rb8 18. c4 dxc4 19. dxc4 Qc7 20. Qxa4 Nd4 21. Nd2 Bxg2 22. Nxg2 {½-½ (38) Giri,A (2785)-So,W (2815) chess.com INT 2017}) 13... a3 {[%emt 0:10:20]} 14. b3 {[%emt 0:01:46]} Na7 {[%emt 0:03:43]} 15. N1h2 {[%emt 0:06:48]} Nb5 {[%emt 0:04:38]} 16. h6 $146 {[%emt 0:02:57]} g6 {[%emt 0:03:01]} 17. Ng4 {[%emt 0:03:35]} Ba6 {[%emt 0:05:53]} 18. Qd2 {[%emt 0:07:20]} Nc3 {[%emt 0:09:15]} 19. Bg5 $11 {[%emt 0:08:29]} Rc8 {[%emt 0:04:36]} 20. Bh3 {[%emt 0:08:26]} (20. Qf4 c4 21. Bxe7 Qxe7 22. dxc4 dxc4 {1-0 (60) Kopp,P (2078)-Huschens,M (1929) Hofheim 2016}) 20... c4 {[%emt 0:08:47]} 21. Bxe7 {[%emt 0:10:04]} Qxe7 {[%emt 0:00:06]} 22. dxc4 {[%emt 0:00:28]} Rfd8 {[%emt 0:05:13]} 23. cxd5 {[%emt 0:07:42]} Nxd5 {[%emt 0:00:36]} 24. Rad1 {[%emt 0:13:28]} N7b6 {[%emt 0:04:14]} 25. Qg5 {[%emt 0:04:05]} Qf8 {[%emt 0:05:34]} 26. Nd4 {[%emt 0:06:12]} Ne7 {[%emt 0:05:34]} 27. Nf6+ {[%emt 0:02:35]} Kh8 {[%emt 0:00:05]} 28. Ne4 {[%emt 0:05:54]} Ned5 {[%emt 0:09:59]} 29. Nd6 {[%emt 0:00:24]} Ra8 {[%emt 0:00:15]} 30. Bxe6 {[%emt 0:01:38]} Rxd6 {[%emt 0:01:36]} 31. exd6 {[%emt 0:00:23]} fxe6 {[%emt 0:00:45]} 32. d7 {[%emt 0:01:01]} Qf6 {[%emt 0:01:05]} 33. Qxf6+ {[%emt 0:00:25]} Nxf6 {[%emt 0:00:05]} 34. Nxe6 {[%emt 0:00:19]} Nfxd7 {[%emt 0:00:28]} 35. Nc7 {[%emt 0:00:20]} Rc8 {[%emt 0:00:50]} 36. Nxa6 {[%emt 0:00:12]} Kg8 {[%emt 0:00:21]} 37. Nxb4 {[%emt 0:00:15]} Kf7 {[%emt 0:00:28]} 38. Re3 {[%emt 0:00:53]} Nf6 {[%emt 0:00:18]} 39. c4 {[%emt 0:00:35]} Ng4 {[%emt 0:00:46]} 40. Rf3+ {[%emt 0:00:00]} Kg8 {[%emt 0:00:00]} 41. Nd5 {[%emt 0:00:55]} Nxd5 {[%emt 0:00:59]} 42. Rxd5 {[%emt 0:00:30]} Nxh6 {[%emt 0:00:09]} 43. Rfd3 {[%emt 0:00:36]} Nf7 {[%emt 0:00:43]} 44. c5 {[%emt 0:00:14]} Kf8 {[%emt 0:00:24]} 45. b4 {[%emt 0:00:22]} Ke7 {[%emt 0:00:15]} 46. b5 {[%emt 0:02:37]} Ke6 {[%emt 0:00:19]} 47. b6 {[%emt 0:00:33]} Rb8 {[%emt 0:00:17]} 48. R5d4 {[%emt 0:00:40]} Rc8 {[%emt 0:01:15]} 49. b7 {[%emt 0:00:22]} Rb8 {[%emt 0:00:10]} 50. c6 {[%emt 0:00:11] Kd5} 1-0

[Event "WYCC 2018 G14"]
[Site "Halkidiki"]
[Date "2018.10.29"]
[Round "10"]
[White "Mehmed, Elif"]
[Black "Kumar, Arya"]
[Result "1-0"]
[WhiteElo "2049"]
[BlackElo "1619"]
[Annotator "NA"]
[PlyCount "119"]
[EventDate "2018.10.20"]
[EventType "swiss"]
[EventCountry "GRE"]
[SourceTitle "playchess.com"]
[Source "ChessBase"]
[SourceQuality "1"]
[TimeControl "40/5400+30:1800+30"]

1. e4 {[%emt 0:00:00]} c6 {[%emt 0:00:00]} 2. Nc3 {[%emt 0:00:00]} d5 {[%emt 0:00:00]} 3. Nf3 {[%emt 0:00:00]} Bg4 {[%emt 0:00:00]} 4. h3 {[%emt 0:00:00]} Bxf3 {[%emt 0:00:00]} 5. Qxf3 {[%emt 0:00:00]} e6 {[%emt 0:00:00]} 6. d3 {[%emt 0:00:13] LiveBook: 549 Games} Bd6 {[%emt 0:00:42]} 7. Qg4 {[%emt 0:10:14] B11: Caro-Kann: Two Knights Variation} (7. g3 Ne7 8. Bg2 Qb6 9. O-O Nd7 10. Qe2 Bxg3 11. Be3 d4 12. fxg3 dxe3 13. Nd1 O-O 14. c3 f5 15. Nxe3 fxe4 16. Bxe4 {1-0 (53) Ivanchuk,V (2731)-Mamedyarov,S (2757) Beijing 2013}) 7... Nf6 $146 {[%emt 0:08:44]} ({Predecessor:} 7... Be5 8. Bd2 h5 9. Qe2 Bxc3 10. Bxc3 d4 11. Bd2 Nf6 12. g3 c5 13. Bg2 Nc6 14. a3 e5 {0-1 (53) Heimrath,R (2144)-Albert,J (2058) Nuremberg 2005}) 8. Qxg7 {[%emt 0:01:12]} Rg8 {[%emt 0:00:07]} 9. Qh6 {[%emt 0:00:06]} Rg6 {[%emt 0:09:04]} 10. Qh4 {[%emt 0:00:44]} d4 {[%emt 0:06:15]} 11. Ne2 {[%emt 0:02:02]} Bb4+ {[%emt 0:00:22]} 12. Kd1 {[%emt 0:02:36]} Be7 {[%emt 0:01:52]} 13. Qf4 {[%emt 0:01:24]} c5 {[%emt 0:01:54]} 14. Qf3 {[%emt 0:01:17]} Nc6 {[%emt 0:02:16]} 15. Nf4 {[%emt 0:01:10]} Rg8 {[%emt 0:02:31]} 16. Nh5 {[%emt 0:01:07]} Ne5 {[%emt 0:02:26]} 17. Nxf6+ {[%emt 0:00:05]} Bxf6 {[%emt 0:00:06]} 18. Qh5 {[%emt 0:00:05]} Rc8 {[%emt 0:07:55]} 19. f4 {[%emt 0:02:40]} Ng6 $18 {[%emt 0:00:24]} 20. e5 {[%emt 0:12:05]} Be7 {[%emt 0:04:59]} 21. Qf3 {[%emt 0:03:19]} Qc7 {[%emt 0:06:29]} 22. g3 {[%emt 0:03:54]} b5 {[%emt 0:06:35]} 23. Bg2 {[%emt 0:09:01]} Kd7 {[%emt 0:15:12]} 24. Qb7 {[%emt 0:07:48]} Qxb7 {[%emt 0:03:17]} 25. Bxb7 {[%emt 0:00:05]} Rc7 {[%emt 0:00:19]} 26. Be4 {[%emt 0:00:23]} Bf8 {[%emt 0:01:58]} 27. Ke2 {[%emt 0:10:39]} c4 {[%emt 0:08:46]} 28. dxc4 {[%emt 0:02:28]} Rxc4 {[%emt 0:03:36]} 29. Rd1 {[%emt 0:05:13]} Ne7 {[%emt 0:02:31]} 30. Kf3 {[%emt 0:11:47]} Nd5 {[%emt 0:02:17]} 31. Bxh7 {[%emt 0:01:01]} Rh8 {[%emt 0:00:32]} 32. Bd3 {[%emt 0:00:11]} Rc5 {[%emt 0:00:06]} 33. h4 {[%emt 0:00:27]} Nb4 {[%emt 0:01:06]} 34. a3 {[%emt 0:02:45]} Nxd3 {[%emt 0:00:46]} 35. Rxd3 {[%emt 0:00:04]} Rxc2 {[%emt 0:00:09]} 36. Rxd4+ {[%emt 0:00:06]} Kc7 {[%emt 0:00:44]} 37. Rd2 {[%emt 0:00:12]} Rc4 {[%emt 0:00:37]} 38. Re2 {[%emt 0:00:36]} Bc5 {[%emt 0:00:33]} 39. Bd2 {[%emt 0:00:28]} Rd8 {[%emt 0:01:17]} 40. b3 {[%emt 0:00:00]} Rd3+ {[%emt 0:00:00]} 41. Kg2 {[%emt 0:03:36]} Rxb3 {[%emt 0:01:22]} 42. Ba5+ {[%emt 0:09:43]} Kc6 {[%emt 0:07:54]} 43. h5 {[%emt 0:10:35]} Rd3 {[%emt 0:07:16]} 44. h6 {[%emt 0:03:51]} Bb6 {[%emt 0:00:43]} 45. Bb4 {[%emt 0:02:44]} Bc5 {[%emt 0:01:14]} 46. Rd2 {[%emt 0:02:55]} Rxd2+ {[%emt 0:09:08]} 47. Bxd2 {[%emt 0:00:07]} Rc2 {[%emt 0:00:03]} 48. Rd1 {[%emt 0:00:26]} Bf8 {[%emt 0:00:09]} 49. h7 {[%emt 0:00:05]} Bg7 {[%emt 0:00:05]} 50. Rc1 {[%emt 0:01:03]} Rxc1 {[%emt 0:02:10]} 51. Bxc1 {[%emt 0:00:03]} Kd7 {[%emt 0:00:14]} 52. Kf3 {[%emt 0:01:11]} Ke8 {[%emt 0:02:01]} 53. Ke4 {[%emt 0:04:00]} Kf8 {[%emt 0:04:49]} 54. f5 {[%emt 0:00:47]} exf5+ {[%emt 0:01:32]} 55. Kxf5 {[%emt 0:00:06]} Bh8 {[%emt 0:01:18]} 56. Bh6+ {[%emt 0:00:34]} Ke7 {[%emt 0:00:17]} 57. Bg5+ {[%emt 0:00:17]} Kf8 {[%emt 0:00:03]} 58. Bf6 {[%emt 0:00:05]} Bg7 {[%emt 0:00:05]} 59. e6 {[%emt 0:00:42]} fxe6+ {[%emt 0:01:08]} 60. Kg6 {[%emt 0:00:05]} 1-0